000 00567nam a22001577a 4500
008 170321b xxu||||| |||| 00| 0 eng d
022 _a01153544
082 _aDPer 338.05 En86 Apr-Jul 2015 v. 15, n. 158-161
100 _919375
_aReyes, Bernadette
245 _aRisky Rewards:
_bare the rewards of a BYOD policy really worth the risk/
_cBernadette Reyes.
260 _aPhilippines:
_bSummit Media,
_cApr-Jul 2015.
300 _av15 n159, pages 42-43:
_billustrations,
_c28 cm.
500 _aEntrepreneur.
650 0 _919376
_aBusiness
_xRisk
942 _2ddc
_cPER
999 _c6414
_d6414